Análisis del problema del empleo /
Uloženo v:
| Korporace: | , |
|---|---|
| Médium: | Neznámo |
| Vydáno: |
Panamá :
|
| Témata: | |
| Tagy: |
Přidat tag
Žádné tagy, Buďte první, kdo vytvoří štítek k tomuto záznamu!
|
MARC
| LEADER | 00000 a2200000 04500 | ||
|---|---|---|---|
| 001 | 10387 | ||
| 003 | |||
| 008 | 991231s d | ||
| 040 | |a CRAI/IIS |c CRAI/IIS | ||
| 090 | |a 136104 | ||
| 110 | |a OIT. PREALC | ||
| 245 | |a Análisis del problema del empleo / |c OIT. PREALC | ||
| 260 | |a Panamá : | ||
| 300 | |a vi, 122 p. | ||
| 500 | |a Extracto de OIT. PREALC: Ajuste y deuda social, Santiago: CEPAL, 1987, pp. 3-14 | ||
| 650 | |a MERCADO DE TRABAJO | ||
| 650 | |a AJUSTE ESTRUCTURAL | ||
| 650 | |a EMPLEO | ||
| 650 | |a SECTOR PUBLICO | ||
| 650 | |a SECTOR PRIVADO | ||
| 650 | |a SALARIOS | ||
| 650 | |a INGRESO | ||
| 650 | |a EMPLEO | ||
| 650 | |a SALARIOS | ||
| 650 | |a DESEMPLEO | ||
| 710 | |a Naciones Unidas. Programa de las Naciones Unidas para el Desarrollo | ||
| 999 | |c 17689 |d 17689 | ||
